|
|
|
|
| LEADER |
00000nam0a2200000 4500 |
| 001 |
336094 |
| 005 |
20231102004824.0 |
| 035 |
|
|
|a (RuTPU)RU\TPU\book\362510
|
| 090 |
|
|
|a 336094
|
| 100 |
|
|
|a 20171009d1963 k y0rusy50 ca
|
| 101 |
0 |
|
|a rus
|
| 102 |
|
|
|a RU
|
| 105 |
|
|
|a a dm 001zy
|
| 200 |
1 |
|
|a Некоторые особенности полярографии в области крайних отрицательных потенциалов. Полярографическое определение щелочных металлов в полимерах
|e автореферат диссертации на соискание ученой степени кандидата химических наук
|f Г. С. Супин
|g Академия наук СССР (АН СССР), Институт геохимии и аналитической химии им. В. И. Вернадского (ГЕОХИ) ; науч. рук. С. И. Синякова
|
| 210 |
|
|
|a Москва
|c [Б. и.]
|d 1963
|
| 215 |
|
|
|a 16 с.
|c табл.
|
| 300 |
|
|
|a Защита сост. в апреле 1963 г.
|
| 320 |
|
|
|a Библиогр.: с. 15-16 (9 назв.)
|
| 606 |
1 |
|
|a Полярографический анализ
|2 stltpush
|3 (RuTPU)RU\TPU\subj\50820
|9 69454
|
| 610 |
1 |
|
|a щелочные металлы
|
| 610 |
1 |
|
|a полимеры
|
| 610 |
1 |
|
|a потенциалы
|
| 610 |
1 |
|
|a полярографическое определение
|
| 610 |
1 |
|
|a библиотека А. Г. Стромберга
|
| 610 |
1 |
|
|a авторефераты диссертаций
|
| 675 |
|
|
|a 543.552(04)
|v 4
|
| 700 |
|
1 |
|a Супин
|b Г. С.
|
| 702 |
|
1 |
|a Синякова
|b С. И.
|4 727
|
| 712 |
0 |
2 |
|a Академия наук СССР (АН СССР)
|b Институт геохимии и аналитической химии им. В. И. Вернадского (ГЕОХИ)
|c (Москва)
|2 stltpush
|3 (RuTPU)RU\TPU\col\11383
|
| 801 |
|
1 |
|a RU
|b 63413507
|c 20171009
|
| 801 |
|
2 |
|a RU
|b 63413507
|c 20180129
|g RCR
|
| 942 |
|
|
|c BK
|